Подробности
| 000 -МАРКЕР |
| контрольное поле |
01124nam0a22003131 4500 |
| 001 - ИДЕНТИФИКАТОР ЗАПИСИ |
| контрольное поле |
RU\NLR\INFOCOMM10\ROSSICA\1000016653 |
| 005 - ИДЕНТИФИКАТОР ВЕРСИИ |
| контрольное поле |
20260407071319.0 |
| 035 ## - ДРУГИЕ СИСТЕМНЫЕ НОМЕРА |
| Идентификатор записи |
(NLR Aleph) 009878988 |
| 100 ## - ДАННЫЕ ОБЩЕЙ ОБРАБОТКИ |
| Данные общей обработки |
20030818d1930 |||y0rusy50 ca |
| 101 1# - ЯЗЫК РЕСУРСА |
| Язык текста, звукозаписи и т.д. |
польский |
| Язык оригинала |
русский |
| 102 ## - СТРАНА ПУБЛИКАЦИИ ИЛИ ПРОИЗВОДСТВА |
| Страна публикации |
российская федерация |
| -- |
украина |
| -- |
беларусь |
| 105 ## - ПОЛЕ КОДИРОВАННЫХ ДАННЫХ: ТЕКСТОВЫЕ МАТЕРИАЛЫ, МОНОГРАФИЧЕСКИЕ |
| Кодированные данные о монографическом текстовом документе |
y ||||000ay |
| 200 1# - ЗАГЛАВИЕ И СВЕДЕНИЯ ОБ ОТВЕТСТВЕННОСТИ |
| Основное заглавие |
Spotęgujmy samorzutność mas! |
| Первые сведения об ответственности |
Kalinin, M.I.i N.Krupska |
| Последующие сведения об ответственности |
Przekl.z rosyiskiego M.Bertynskiej |
| 210 ## - ПУБЛИКАЦИЯ, РАСПРОСТРАНЕНИЕ И ДР. |
| Место издания, распространения и т.д. |
Moskwa |
| -- |
Charkow |
| -- |
Minsk |
| Дата издания, распространения и т.д. |
1930 |
| 215 ## - ФИЗИЧЕСКАЯ ХАРАКТЕРИСТИКА |
| Размеры |
8° |
| 300 ## - ОБЩИЕ ПРИМЕЧАНИЯ |
| Текст примечания |
Stowarzyszenie "Precz z niepiśmiennością!" |
| 488 #0 - ДРУГИЕ ВЗАИМОСВЯЗАННЫЕ ПРОИЗВЕДЕНИЯ (ДОКУМЕНТЫ) |
| Встроенное поле |
2001#$aPrecz z niepiśmiennością! |
| Заглавие |
Precz z niepiśmiennością! |
| 700 #1 - ИМЯ ЛИЦА - ПЕРВИЧНАЯ ОТВЕТСТВЕННОСТЬ |
| Код отношения |
Автор |
| Графика поля |
Латинская |
| Материалы, к которым относится поле |
rus |
| Начальный элемент ввода |
Kalinin |
| Часть имени, кроме начального элемента ввода |
M. I. |
| Дополнения к именам, кроме дат |
гос. и парт. деятель |
| Даты |
1875-1946 |
| Расширение инициалов личного имени |
Michail Ivanovič |
| Идентификатор авторитетной/нормативной записи |
RU\NLR\AUTH\770278270 |
| Системный номер авторитетной/нормативной записи |
2650237 |
| 701 #1 - ИМЯ ЛИЦА - АЛЬТЕРНАТИВНАЯ ОТВЕТСТВЕННОСТЬ |
| Системный номер авторитетной/нормативной записи |
z01790 |
| Начальный элемент ввода |
Krupskaja |
| Часть имени, кроме начального элемента ввода |
N.K. |
| Даты |
1869-1939 |
| Расширение инициалов личного имени |
Nadežda Konstantinovna |
| Код отношения |
Автор |
| 702 #1 - ИМЯ ЛИЦА - ВТОРИЧНАЯ ОТВЕТСТВЕННОСТЬ |
| Начальный элемент ввода |
Bertynska |
| Часть имени, кроме начального элемента ввода |
M. |
| Код отношения |
Переводчик |
| 790 #1 - ИМЯ ЛИЦА - АЛЬТЕРНАТИВНАЯ ФОРМА |
| Системный номер авторитетной/нормативной записи |
z01701 |
| Начальный элемент ввода |
Krupska |
| Часть имени, кроме начального элемента ввода |
N. |
| Код отношения |
Автор |
| 801 #1 - ИСТОЧНИК ЗАПИСИ |
| Страна |
российская федерация |
| Организация |
InfoComm |
| Дата составления |
20030818 |
| 801 #0 - ИСТОЧНИК ЗАПИСИ |
| Страна |
российская федерация |
| Организация |
NLR |
| Правила каталогизации |
PSBO |
| 852 ## - МЕСТОНАХОЖДЕНИЕ И ШИФР ХРАНЕНИЯ |
| Идентификатор организации |
NLR |
| Шифр хранения (Call Number) |
26.21.9.42 |
| 942 ## - ДОПОЛНИТЕЛЬНЫЕ ЭЛЕМЕНТЫ ЗАПИСИ (АБИС) |
| Тип экземпляра АБИС |
Книга |
| 980 ## - КОЛЛЕКЦИЯ |
| Название коллекции |
Национальная библиография |
| 980 ## - КОЛЛЕКЦИЯ |
| Название коллекции |
Россика |